| 000 | 01038cam a22003017a 4500 | ||
|---|---|---|---|
| 003 | CHAP | ||
| 005 | 20220329140214.0 | ||
| 008 | 971013s1983 r 00010 d | ||
| 010 | _a48539 | ||
| 011 | _a49511 | ||
| 035 | _a53660 | ||
| 040 | _cCHAP | ||
| 090 | _aTesis | ||
| 100 | 0 | 0 |
_aFarías del Bosque, Armando. _939788 |
| 245 | 0 | _aEvaluación del comportamiento de 5 líneas de chile jalapeño (Capsicum annuum var. annuum) en Apodaca, N.L. | |
| 260 |
_a(Monterrey, N.L.) : _bEl autor, _c1983 |
||
| 300 |
_a45 h. _b: apénd. |
||
| 502 | _aTesis (Ing. Agr. Esp. en Producción) -- ITESM. Div. de Ciencias Agropecuarias y Marítimas | ||
| 590 |
_aALEPH _b10 _c20130110 _lUCH01 _h1320 |
||
| 590 |
_aBATCH-UPD _b10 _c20130110 _lUCH01 _h2102 |
||
| 590 |
_aBATCH-UPD _b10 _c20130410 _lUCH01 _h1414 |
||
| 590 |
_aBATCH-UPD _b10 _c20130914 _lUCH01 _h0924 |
||
| 590 |
_aCONVERSION _b10 _c20130109 _lUCH01 _h1326 |
||
| 650 | 1 | 4 |
_aChile jalapeño _xVariedades. _922439 |
| 901 | _aBK | ||
| 942 | _cTESIS | ||
| 949 |
_bBC _cTES _d-118852 _eTS1 _i53660 _si |
||
| 999 |
_c48539 _d48539 |
||